000 00513nam a22001817a 4500
003 UA-OsUOA
001 9626
007 ta
008 20041117b un ||||| |||| 00| 0 ukr d
100 _aКунда В.
942 _cSA
040 _aUA-OsUOA
_cUA-OsUOA
_dUA-OsUOA
245 _aДержавна реєстрація актів цивільного стану
300 _aС.7
955 _a0
773 0 _w0
_tПраця і зарплата
_dКиїв
_d2004
_g№40
650 7 _aЦивільне право
_2UDC
999 _c295787
_d295787